| 000 | 00000nam##2200000za#4500 |
| 001 | 9.570017 |
| 003 | CaOODSP |
| 005 | 20210624182036 |
| 007 | cr ||||||||||| |
| 008 | 150406|2007||||xxc|||||o f|0| 0 eng|d |
| 040 | |aCaOODSP|beng |
| 043 | |an-cn--- |
| 086 | 1 |aNH18-1-2/172-2007E-PDF |
| 110 | 2 |aCanada Mortgage and Housing Corporation. |
| 245 | 10|aHow effective are bath grab bars for stopping a fall when you lose your balance? : |h[electronic resource]|bfinal report / |cprepared by Paulette Guitard ... [et al.]. |
| 246 | 1 |iAdditional title (within publication) : |aDans quelle mesure les barres d'appui pour les baignoires sont-elles efficaces pour prévenir une chute lors d'une perte d'équilibre? |
| 260 | |aOttawa - Ontario : |bCanada Mortgage and Housing Corporation |cJuly 2007. |
| 300 | |a107p.|bgraphs, references, tables, photographs |
| 490 | 1 |aResearch report |
| 500 | |aIncludes: Research highlight (Socio-economic series 07-016) under the same title. Y compris : Le point en recherche (Série socio-économique 07-016) sous le titre « Dans quelle mesure les barres d'appui pour les baignoires sont-elles efficaces pour prévenir une chute lors d'une perte d'équilibre? ». |
| 546 | |a(Comprend du texte en français.) |
| 590 | |a11-26-Supp|b2011-11-03 |
| 720 | 1 |aGuitard, Paulette |
| 830 | #0|aResearch report (Canada Mortgage and Housing Corporation : Online)|w(CaOODSP)9.506068 |
| 856 | 40|ahttp://publications.gc.ca|qPDF|s5.11 MB|uhttps://publications.gc.ca/collections/collection_2011/schl-cmhc/nh18-1-2/NH18-1-2-172-2007-eng.pdf |